水知道答案3 (Record no. 69872)

000 -LEADER
fixed length control field 00525nam a22001937a 4500
003 - CONTROL NUMBER IDENTIFIER
control field MPLRDC
005 - DATE AND TIME OF LATEST TRANSACTION
control field 20220105061153.0
008 - FIXED-LENGTH DATA ELEMENTS--GENERAL INFORMATION
fixed length control field 210129b ||||| |||| 00| 0 eng d
020 ## - INTERNATIONAL STANDARD BOOK NUMBER
International Standard Book Number 978-7-5442-5121-1
082 ## - DEWEY DECIMAL CLASSIFICATION NUMBER
Classification number 191 JBS-5 v.3
100 ## - MAIN ENTRY--PERSONAL NAME
Personal name 江本胜 MASARU EMOTO
245 ## - TITLE STATEMENT
Title 水知道答案3
Statement of responsibility, etc. 陈晶 译
250 ## - EDITION STATEMENT
Edition statement 初版一刷
260 ## - PUBLICATION, DISTRIBUTION, ETC.
Place of publication, distribution, etc. 中国
Name of publisher, distributor, etc. 南海出版公司
Date of publication, distribution, etc. 2011
300 ## - PHYSICAL DESCRIPTION
Other physical details
520 ## - SUMMARY, ETC.
Summary, etc. 2018-05-25 铅笔标记--pg.部分页面。
650 ## - SUBJECT ADDED ENTRY--TOPICAL TERM
Topical term or geographic name entry element 人生哲学
942 ## - ADDED ENTRY ELEMENTS (KOHA)
Koha item type Book
-- 191 JBS-5 v.3

No items available.

© 2022. Malaysian Public Library, Research and Development Centre. All Right ReservedE-mailmplrdc@help.edu.my 

Powered by Koha